| 000 | 00923cam a2200217 a 4500 | ||
|---|---|---|---|
| 999 |
_c7537 _d7537 |
||
| 003 | OSt | ||
| 005 | 20200312093836.0 | ||
| 008 | 100625s2010 mnua 000 0 eng | ||
| 010 | _a 2010025214 | ||
| 020 | _a9781589235687 (soft cover) | ||
| 040 |
_aDLC _cDLC _dDLC |
||
| 082 | 0 | 0 |
_a648.8 _222 |
| 245 | 0 | 0 |
_aCommon sense storage : _bclever solutions for an organized life . |
| 260 |
_aMinneapolis, Minn. : _bCreative Pub. International, _cc2010. |
||
| 300 |
_a240 p. : _bcol. ill. ; _c28 cm. |
||
| 505 | 0 | _aGetting organized -- Kitchens & pantries -- Bathrooms, linens & laundry -- Family & entertainment rooms -- Bedrooms -- Home offices -- Attics & basements -- Garages -- Resource guide. | |
| 520 | _a"Inspirational photos and concise, practical information on how to achieve an organized home"--Provided by publisher. | ||
| 650 | 0 | _aStorage in the home. | |
| 710 | 2 | _aCreative Publishing International. | |
| 942 | _2ddc | ||